Znalostný manažment a vzdelávanie zamestnancov
Znalostný manažment - súčasť riadenia podniku. Znalosti ako zdroj úspešnosti firmy. Intelektuálny kapitál = duševné vlastníctvo. Prístupy k vzdelávaniu zamestnancov. Ako efektívne vzdelávať.
Salvato in:
| Autore principale: | |
|---|---|
| Natura: | Capitolo di libro |
| Lingua: | slovacco |
| Soggetti: | |
| Tags: |
Nessun Tag, puoi essere il primo ad aggiungerne!!
|
MARC
| LEADER | 00000naa a2200000 4500 | ||
|---|---|---|---|
| 001 | 0146413 | ||
| 005 | 20241121132335.8 | ||
| 041 | 0 | |a slo | |
| 044 | |a SK | ||
| 245 | 1 | 0 | |a Znalostný manažment a vzdelávanie zamestnancov |c Jana Jarošová |
| 520 | |a Znalostný manažment - súčasť riadenia podniku. Znalosti ako zdroj úspešnosti firmy. Intelektuálny kapitál = duševné vlastníctvo. Prístupy k vzdelávaniu zamestnancov. Ako efektívne vzdelávať. | ||
| 610 | 2 | 0 | |a riadenie podnikové |
| 610 | 2 | 0 | |a vedomosti |
| 610 | 2 | 0 | |a manažment znalostný |
| 610 | 2 | 0 | |a vzdelávanie ďalšie |
| 610 | 2 | 0 | |a vzdelávanie zamestnancov |
| 610 | 2 | 0 | |a kapitál intelektuálny |
| 100 | 1 | |a Jarošová, Jana | |